Pokemon 3rd Generation - Sudden death - Statistics

General Stats
  • This quiz has been taken 118 times
  • The average score is 11 of 17
Answers on the Grid
Answers color-coded by a green-red scale on the quiz's grid according to % correct below.
Treecko
Zigzagoon
Silcoon
Gardevoir
Slaking
Roselia
Swablu
Cradily
Kecleon
Absol
Clamperl
Metang
Latios
Jirachi
Bagon
Tropius
Shuppet
Dusknoir
Piplup
Staraptor
Lopunny
Blitzle
Krookodile
Virizion
Bergmite
Oricorio
Marshadow
Eternatus
Ogerpon
Mankey
 
Answer Stats
Answer % Correct
Latios
74%
Gardevoir
73%
Treecko
73%
Zigzagoon
72%
Swablu
70%
Absol
68%
Kecleon
68%
Tropius
68%
Silcoon
66%
Bagon
65%
Slaking
65%
Roselia
64%
Cradily
62%
Metang
61%
Jirachi
59%
Shuppet
59%
Clamperl
55%
No matching quizzes found
Score Distribution
Percent of People with Each Score
Percentile by Number Answered
Your Score History
You have not taken this quiz